|
|
|
|
| LEADER |
00000naa a2200000uu 4500 |
| 001 |
vtls011034705 |
| 003 |
SK-MaSNL |
| 005 |
20260302124906.0 |
| 008 |
210907|2011 xo |||||||||||||||||eng| |
| 015 |
|
|
|a SNBRA
|
| 035 |
|
|
|a (urnnbn)urn:nbn:sk:snk:ar-008t2q
|
| 035 |
|
|
|a (uuid)f5f75425-4c12-4225-9805-296e0349a1c3
|
| 035 |
|
|
|a urn:nbn:sk:snk-aauovr
|
| 040 |
|
|
|a SNKBUCL
|b slo
|c SNKBUCL
|e AACR2
|
| 041 |
0 |
|
|a eng
|
| 044 |
|
|
|a xo
|c SK
|
| 100 |
1 |
|
|a Octavian S.Vălu
|4 aut
|9 811340
|
| 245 |
1 |
0 |
|a Thermodynamic Investigations of the Actinide Oxides
|c Octavian S.Vălu, Ondrej Beneš, Rudy J. M. Konings
|
| 700 |
1 |
|
|a Beneš, Ondrej
|4 aut
|9 643998
|
| 700 |
1 |
|
|a Rudy J. M. Konings
|4 aut
|9 811341
|
| 773 |
0 |
|
|t Programme and Proceedings
|d Bratislava : Slovenská fyzikálna spoločnosť, 2011, 2011
|g S. 55-56
|z 9788097062514
|
| 958 |
|
|
|a OND
|
| 958 |
|
|
|a article12
|
| 958 |
|
|
|a chapter
|
| 999 |
|
|
|c 1290721
|d 1292651
|